Word Ladder: Common Bond II Quiz Stats

 Plays Quiz Updated Oct 19, 2016

Score 0/24 Timer 02:00
2 Plays Today
Hint Answer % Correct
▼ FIFTY PERCENT ▼▼ HALF ▼
89.3%
▼ Tug, row, or gravy ____▼ BOAT ▼
89%
Use the phoneCALL
86.7%
Highest qualityBEST
85.9%
UK elevatorLIFT
85.2%
Bovine youngsterCALF
85.2%
Last wishes documentWILL
84.7%
Solid barrierWALL
84.5%
▼ Sleeveless garment ▼▼ VEST ▼
83.6%
Grocery, laundry, or hit ____LIST
83.4%
Ant, flea, or mosquitoPEST
83%
EndureLAST
80.7%
Hint Answer % Correct
FlagellateBEAT
76%
▼ PREVIOUS ▼▼ PAST ▼
75%
Fork pointTINE
73.8%
▼ POINT CONNECTOR ▼▼ LINE ▼
71%
▼ TIDE AND ____ WAIT FOR NO MAN ▼▼ TIME ▼
68.8%
Navel detritusLINT
68.2%
Subdue an animalTAME
67%
Saga or allegoryTALE
61.1%
Of robust healthHALE
59.6%
Sly craftinessWILE
51%
HelpmateWIFE
36.2%
▼ COMMON BOND ▼▼ LIFE ▼
35%

Today's Daily Dose

Word Ladder
Big Phrases

Quick Pick
SNL Movies

Get the Picture
Ron or Howard

You're not logged in!

Compare scores with friends on all Sporcle quizzes.
OR
Log In

Show Comments

Extras

Top Quizzes Today


Score Distribution

Your Account Isn't Verified!

In order to create a playlist on Sporcle, you need to verify the email address you used during registration. Go to your Sporcle Settings to finish the process.

Report this User

Report this user for behavior that violates our Community Guidelines.

Details: